Letters in Numbers (Odd or Even) Quiz Stats

 Plays Quiz Updated Jul 31, 2015

Challenge
Share
Tweet
Embed
Score 0/20 Timer 00:30
0 Plays Today
Number Odd or Even? % Correct
One???
51.9%
Four???
51.5%
Seven???
51.2%
Three???
50.5%
Fourteen???
50.2%
Twelve???
50.1%
Twenty???
49.6%
Ten???
48.9%
Six???
48.5%
Nine???
48.5%
Number Odd or Even? % Correct
Seventeen???
48.4%
Fifteen???
48.3%
Two???
48.2%
Eight???
47.7%
Nineteen???
47.1%
Sixteen???
46.8%
Five???
46.8%
Eleven???
46.4%
Eighteen???
46.3%
Thirteen???
45.1%

You're not logged in!

Compare scores with friends on all Sporcle quizzes.
OR
Log In

You Might Also Like...

Show Comments

Extras

Top Quizzes Today


Score Distribution

Your Account Isn't Verified!

In order to create a playlist on Sporcle, you need to verify the email address you used during registration. Go to your Sporcle Settings to finish the process.

Report this User

Report this user for behavior that violates our Community Guidelines.

Details: